[Event "Karposh Open 2015"]
[Site "Skopje MKD"]
[Date "2015.03.30"]
[Round "5.53"]
[White "Janev, Pavel"]
[Black "Manelidis, Savvas"]
[Result "1-0"]
[WhiteElo "2262"]
[BlackElo "2051"]
[PlyCount "159"]
[EventDate "2015.03.27"]
[EventType "swiss"]
[EventRounds "9"]
[EventCountry "MKD"]
[Source "lmi"]
[SourceDate "2015.03.27"]

1. e4 e5 2. Nf3 Nc6 3. Bc4 Bc5 4. d3 Nf6 5. Nc3 d6 6. Na4 Bg4 7. Nxc5 dxc5 8.
Be3 Qd6 9. h3 Bh5 10. a3 a6 11. Ba2 Rd8 12. g4 Bg6 13. Nh4 b5 14. f3 Nd4 15. c3
Nc6 16. Qe2 Nd7 17. Qf2 O-O 18. Rd1 Rfe8 19. O-O Qe7 20. Bd5 Ncb8 21. f4 c6 22.
Ba2 exf4 23. Bxf4 c4 24. Nxg6 hxg6 25. dxc4 bxc4 26. Bxc4 Nf6 27. Rxd8 Rxd8 28.
Bxb8 Rxb8 29. g5 Qxe4 30. Bxf7+ Kxf7 31. Qa7+ Qe7 32. Qxb8 Qe3+ 33. Kg2 Qd2+
34. Rf2 Qd5+ 35. Kh2 Qxg5 36. Qc7+ Kg8 37. Qxc6 Qe5+ 38. Kh1 Ne4 39. Qc4+ Kh7
40. Rf3 Ng3+ 41. Kg2 Nf5 42. b4 Ne3+ 43. Rxe3 Qxe3 44. Qd4 Qe2+ 45. Kg3 Qe1+
46. Kf4 Qh4+ 47. Ke5 Qxh3 48. c4 Qxa3 49. c5 Qg3+ 50. Ke6 a5 51. bxa5 Qe1+ 52.
Kd7 Qxa5 53. c6 Qf5+ 54. Ke7 Qg5+ 55. Ke8 Qb5 56. Qe4 Qb8+ 57. Kd7 Qb5 58. Kd6
Qb6 59. Qh4+ Kg8 60. Qc4+ Kh7 61. Qh4+ Kg8 62. Qc4+ Kh7 63. Kd7 Qf2 64. Qd5 Qb6
65. c7 Qa7 66. Qc4 g5 67. Qe4+ g6 68. Qc4 Kh6 69. Kc6 Qa8+ 70. Kb6 Qc8 71. Qf7
g4 72. Qf6 Kh5 73. Qd8 Qe6+ 74. Kc5 Qe3+ 75. Kd6 Qd4+ 76. Ke6 Qe4+ 77. Kf7 Qc4+
78. Kg7 Qc3+ 79. Kh7 g3 80. c8=Q 1-0

[Event "Karposh Open 2015"]
[Site "Skopje MKD"]
[Date "2015.03.30"]
[Round "5.54"]
[White "Budima, Armend"]
[Black "Gurel, Ahmet Unal"]
[Result "0-1"]
[WhiteElo "2255"]
[BlackElo "2038"]
[PlyCount "66"]
[EventDate "2015.03.27"]
[EventType "swiss"]
[EventRounds "9"]
[EventCountry "MKD"]
[Source "lmi"]
[SourceDate "2015.03.27"]

1. e4 e5 2. Nf3 Nc6 3. Bc4 Nf6 4. d3 Bc5 5. O-O d6 6. c3 Bb6 7. b4 h6 8. Nbd2
O-O 9. Re1 Ne7 10. Nf1 c6 11. Bb3 Ng6 12. d4 exd4 13. cxd4 Re8 14. Ng3 Bg4 15.
Bb2 d5 16. e5 Nh4 17. Qd3 Bxf3 18. gxf3 Qd7 19. Re3 Nh7 20. Qf1 Ng5 21. Bd1
Nh3+ 22. Kh1 Nf4 23. Bc2 a5 24. a3 axb4 25. axb4 Rxa1 26. Qxa1 Qh3 27. Qg1 Ra8
28. Bd3 Qe6 29. Qb1 Qe7 30. Bf1 Qxb4 31. Nf5 Nxf5 32. Qxf5 Qxb2 33. Qxf4 Qxf2
0-1

[Event "Karposh Open 2015"]
[Site "Skopje MKD"]
[Date "2015.03.30"]
[Round "5.55"]
[White "Pecurica, Milos"]
[Black "Arizanov, Tome"]
[Result "1-0"]
[WhiteElo "2240"]
[BlackElo "2037"]
[PlyCount "105"]
[EventDate "2015.03.27"]
[EventType "swiss"]
[EventRounds "9"]
[EventCountry "MKD"]
[Source "lmi"]
[SourceDate "2015.03.27"]

1. d4 Nf6 2. c4 g6 3. Nc3 Bg7 4. e4 d6 5. Nf3 O-O 6. Be2 c5 7. O-O b6 8. Re1
Na6 9. d5 Nc7 10. h3 a6 11. e5 Nfe8 12. Bf4 Rb8 13. a4 Bd7 14. Ne4 Bf5 15. Nc3
Bd7 16. Bd3 b5 17. axb5 axb5 18. Qe2 bxc4 19. Bxc4 Qc8 20. Bg5 f6 21. exf6 exf6
22. Bf4 Rf7 23. Ra7 Rb7 24. Rea1 Rxa7 25. Rxa7 Qb8 26. Ra3 Bf8 27. Ne4 Bf5 28.
Rb3 Qa7 29. Re3 Bd7 30. Nc3 Qb8 31. b3 Qa8 32. Kh2 Qd8 33. Nd2 g5 34. Bg3 f5
35. f4 Bg7 36. Nb5 Bf6 37. Nxc7 Nxc7 38. Nf3 g4 39. hxg4 fxg4 40. Ne5 Rg7 41.
Nxd7 Qxd7 42. Bf2 Bd4 43. Rd3 Qf5 44. Bxd4 Qxf4+ 45. g3 Qh6+ 46. Kg1 cxd4 47.
Rxd4 Qg5 48. Re4 h5 49. Re8+ Kf7 50. Rc8 Qc1+ 51. Kg2 Kf6 52. Rf8+ Kg5 53. Qf2
1-0

[Event "Karposh Open 2015"]
[Site "Skopje MKD"]
[Date "2015.03.30"]
[Round "5.56"]
[White "Stosevski, Ilija"]
[Black "Hadzimanolis, Antonios"]
[Result "0-1"]
[WhiteElo "2096"]
[BlackElo "2239"]
[PlyCount "32"]
[EventDate "2015.03.27"]
[EventType "swiss"]
[EventRounds "9"]
[EventCountry "MKD"]
[Source "lmi"]
[SourceDate "2015.03.27"]

1. Nf3 Nf6 2. g3 g6 3. Bg2 Bg7 4. O-O c5 5. d3 O-O 6. c3 Nc6 7. Qa4 d5 8. Qh4
e5 9. Bg5 Qd6 10. e4 d4 11. cxd4 cxd4 12. Nbd2 Nb4 13. Nc4 Qe6 14. h3 h6 15.
Bxh6 Bxh6 16. g4 Kg7 0-1

[Event "Karposh Open 2015"]
[Site "Skopje MKD"]
[Date "2015.03.30"]
[Round "5.57"]
[White "Garabetyan, Arno"]
[Black "Tuncer, Tuna"]
[Result "1-0"]
[WhiteElo "2035"]
[BlackElo "2234"]
[PlyCount "47"]
[EventDate "2015.03.27"]
[EventType "swiss"]
[EventRounds "9"]
[EventCountry "MKD"]
[Source "lmi"]
[SourceDate "2015.03.27"]

1. Nf3 Nf6 2. c4 g6 3. b3 Bg7 4. Bb2 O-O 5. g3 c5 6. Bg2 Nc6 7. O-O d5 8. cxd5
Nxd5 9. Bxg7 Kxg7 10. Qc1 b6 11. Qb2+ Kg8 12. Rd1 Bb7 13. d4 Nf6 14. Na3 Nxd4
15. Nxd4 Bxg2 16. Nf3 Bxf3 17. Rxd8 Rfxd8 18. exf3 Rd3 19. Re1 Rad8 20. Rxe7
Nd5 21. Re2 Nc3 22. Re3 Rd1+ 23. Kg2 Nd5 24. Re2 1-0

[Event "Karposh Open 2015"]
[Site "Skopje MKD"]
[Date "2015.03.30"]
[Round "5.58"]
[White "Demircioglu, Emre"]
[Black "Peev, Kosta"]
[Result "0-1"]
[WhiteElo "2219"]
[BlackElo "2030"]
[PlyCount "72"]
[EventDate "2015.03.27"]
[EventType "swiss"]
[EventRounds "9"]
[EventCountry "MKD"]
[Source "lmi"]
[SourceDate "2015.03.27"]

1. Nf3 Nf6 2. c4 c6 3. d4 d5 4. Nc3 dxc4 5. a4 Bf5 6. Ne5 Nbd7 7. Nxc4 Nb6 8.
Ne5 e6 9. a5 Nbd5 10. f3 Bb4 11. Qb3 O-O 12. g4 Bg6 13. Nxg6 hxg6 14. e4 Nxe4
15. fxe4 Qh4+ 16. Kd1 Nxc3+ 17. bxc3 Qxg4+ 18. Be2 Qxe4 19. Rf1 Bd6 20. Qxb7
Rab8 21. Qa6 Rb3 22. Rf3 e5 23. Qc4 Rbb8 24. Ra2 exd4 25. cxd4 Rb4 26. Qa6
Rxd4+ 27. Rd3 Bxh2 28. Rxd4 Qxd4+ 29. Qd3 Qf6 30. Bb2 Be5 31. Bxe5 Qxe5 32. a6
Qg5 33. Rd2 Rb8 34. Kc2 Qa5 35. Qc4 Qa1 36. Kd3 Qa3+ 0-1

[Event "Karposh Open 2015"]
[Site "Skopje MKD"]
[Date "2015.03.30"]
[Round "5.59"]
[White "Vassilev, Martin"]
[Black "Giannoulakis, Labros"]
[Result "0-1"]
[WhiteElo "2018"]
[BlackElo "2217"]
[PlyCount "122"]
[EventDate "2015.03.27"]
[EventType "swiss"]
[EventRounds "9"]
[EventCountry "MKD"]
[Source "lmi"]
[SourceDate "2015.03.27"]

1. e4 c5 2. c3 d6 3. d4 Nf6 4. dxc5 Nc6 5. Qc2 dxc5 6. Bf4 e5 7. Bg5 Be6 8. Na3
Be7 9. Bxf6 gxf6 10. Bc4 O-O 11. Rd1 Qc8 12. Ne2 Na5 13. Bd5 Kh8 14. Ng3 c4 15.
Qc1 Bxa3 16. bxa3 Rg8 17. Qe3 Qc7 18. Qf3 Rg6 19. Nf5 Bxf5 20. exf5 Rg5 21. h4
Rg7 22. g4 Rd8 23. g5 Qb6 24. Qe4 Qb2 25. Qe3 Qc2 26. gxf6 Rg4 27. Qf3 Rf4 28.
Qg3 Rg8 29. Qe3 Rxh4 30. Rf1 Qxf5 31. f3 Qxf6 32. Qf2 Qf4 33. Qd2 Qg3+ 34. Qf2
Qf4 35. Qd2 Nc6 36. Qxf4 Rxf4 37. Bxc6 bxc6 38. Rd7 Rg2 39. Rf2 Rg1+ 40. Ke2
Ra1 41. Ke3 Kg7 42. Rxa7 Rd1 43. Ra6 Rd3+ 44. Ke2 Rxc3 45. Rg2+ Kf8 46. Rg5 f6
47. Rg1 Kf7 48. Rxc6 Rxa3 49. Rc7+ Ke6 50. Rxh7 Rxa2+ 51. Ke3 Ra3+ 52. Ke2
Rfxf3 53. Rgg7 Rae3+ 54. Kd2 c3+ 55. Kc1 Rf2 56. Re7+ Kf5 57. Rh5+ Kg4 58. Rh1
f5 59. Reh7 Kf3 60. R7h3+ Ke4 61. Rh8 f4 0-1

[Event "Karposh Open 2015"]
[Site "Skopje MKD"]
[Date "2015.03.30"]
[Round "5.60"]
[White "Lopez, Jasel"]
[Black "Grebstad, Kjell Borre"]
[Result "1/2-1/2"]
[WhiteElo "2211"]
[BlackElo "2009"]
[PlyCount "81"]
[EventDate "2015.03.27"]
[EventType "swiss"]
[EventRounds "9"]
[EventCountry "MKD"]
[Source "lmi"]
[SourceDate "2015.03.27"]

1. d4 Nf6 2. c4 e6 3. Nc3 Bb4 4. f3 O-O 5. e4 d5 6. e5 Nfd7 7. cxd5 exd5 8. f4
c5 9. Nf3 cxd4 10. Nxd4 Nc5 11. Be2 Ne4 12. O-O Bxc3 13. bxc3 Nxc3 14. Qe1
Nxe2+ 15. Qxe2 Nc6 16. Be3 Nxd4 17. Bxd4 Bf5 18. g4 Be4 19. Qf2 Rc8 20. Rac1 b6
21. h3 Qd7 22. f5 Rxc1 23. Rxc1 Rc8 24. Qf4 h6 25. Rxc8+ Qxc8 26. e6 fxe6 27.
fxe6 Qxe6 28. Qb8+ Kh7 29. Qxa7 Qg6 30. Qxb6 Qf7 31. Qa7 Qg6 32. Qe7 Kg8 33. a4
Qf7 34. Qxf7+ Kxf7 35. Kf2 Bd3 36. Ke3 Bc4 37. Kf4 g6 38. Ke5 Ke7 39. a5 h5 40.
Bc5+ Kd7 41. gxh5 1/2-1/2

[Event "Karposh Open 2015"]
[Site "Skopje MKD"]
[Date "2015.03.30"]
[Round "5.61"]
[White "Hristodorescu, Daniel"]
[Black "Olcum, Ahmet"]
[Result "1-0"]
[WhiteElo "2194"]
[BlackElo "2003"]
[PlyCount "123"]
[EventDate "2015.03.27"]
[EventType "swiss"]
[EventRounds "9"]
[EventCountry "MKD"]
[Source "lmi"]
[SourceDate "2015.03.27"]

1. e4 g6 2. d4 Bg7 3. Nc3 d6 4. Be3 Nf6 5. f3 c6 6. Qd2 b5 7. g4 h6 8. Nge2
Nbd7 9. Ng3 Nb6 10. h4 e6 11. b3 Qc7 12. Nd1 Bb7 13. Nf2 Rd8 14. Be2 Nfd7 15.
f4 e5 16. dxe5 dxe5 17. f5 Bf8 18. a4 Nc5 19. Qa5 Na6 20. c3 Bc5 21. Bc1 Qe7
22. Nd3 bxa4 23. Nxc5 Qxc5 24. Qxc5 Nxc5 25. bxa4 Nb3 26. Rb1 Nxc1 27. Rxc1
Nxa4 28. fxg6 fxg6 29. h5 g5 30. O-O Rf8 31. Rxf8+ Kxf8 32. Bc4 Kg7 33. Ra1
Nxc3 34. Rxa7 Rd7 35. Be6 Nb5 36. Ra1 Rc7 37. Nf5+ Kh7 38. Rd1 Nd4 39. Nxd4
exd4 40. Rxd4 c5 41. Bf5+ Kg8 42. Rd6 c4 43. Rg6+ Rg7 44. Rxh6 c3 45. e5 Re7
46. Rg6+ Kh8 47. Rb6 Rc7 48. Bc2 Bc8 49. e6 Re7 50. Rb8 Re8 51. h6 Bd7 52.
Rxe8+ Bxe8 53. Kf2 Bf7 54. e7 Bg8 55. Ke3 Bf7 56. Kd4 Bg8 57. Ke5 Bf7 58. Kf6
Bg8 59. Kxg5 Bf7 60. Kf6 Bg8 61. g5 Bf7 62. g6 1-0

[Event "Karposh Open 2015"]
[Site "Skopje MKD"]
[Date "2015.03.30"]
[Round "5.62"]
[White "Minas, Ioannis"]
[Black "Zugaj, Fjodor"]
[Result "1-0"]
[WhiteElo "2013"]
[BlackElo "2187"]
[PlyCount "75"]
[EventDate "2015.03.27"]
[EventType "swiss"]
[EventRounds "9"]
[EventCountry "MKD"]
[Source "lmi"]
[SourceDate "2015.03.27"]

1. g3 Nf6 2. Bg2 d5 3. Nf3 g6 4. c4 Bg7 5. O-O O-O 6. d4 c6 7. Nc3 dxc4 8. a4
a5 9. e4 Na6 10. Qe2 Nb4 11. Rd1 b6 12. Qxc4 Be6 13. Qe2 Bb3 14. Rf1 Nc2 15.
Rb1 Nxd4 16. Nxd4 Qxd4 17. Be3 Qb4 18. Rfc1 Bc4 19. Qe1 Bd3 20. Ra1 Ng4 21. Bd2
Qxb2 22. h3 Ne5 23. Qd1 Rad8 24. Ra2 Qb4 25. Nd5 Qd6 26. Nxb6 c5 27. Bxa5 Nc6
28. Qe1 Rb8 29. Nd5 Nxa5 30. Qxa5 e6 31. Nf4 c4 32. Rd2 Bh6 33. e5 Qd4 34. Qc3
Qxc3 35. Rxc3 Rb1+ 36. Kh2 Bxf4 37. gxf4 Rc8 38. Rdxd3 1-0

[Event "Karposh Open 2015"]
[Site "Skopje MKD"]
[Date "2015.03.30"]
[Round "5.63"]
[White "Gountras, Klearhos"]
[Black "Petrov, Georgi"]
[Result "0-1"]
[WhiteElo "2005"]
[BlackElo "2174"]
[PlyCount "136"]
[EventDate "2015.03.27"]
[EventType "swiss"]
[EventRounds "9"]
[EventCountry "MKD"]
[Source "lmi"]
[SourceDate "2015.03.27"]

1. c4 c5 2. g3 Nc6 3. Bg2 g6 4. Nc3 Bg7 5. Nf3 d6 6. O-O Nh6 7. d4 cxd4 8. Bxh6
Bxh6 9. Nxd4 Bd7 10. c5 dxc5 11. Nxc6 Bxc6 12. Bxc6+ bxc6 13. Qc2 O-O 14. Rfd1
Qa5 15. Na4 Rfd8 16. Nxc5 Rxd1+ 17. Rxd1 Qxa2 18. Rd7 Rb8 19. Nd3 Bg7 20. Qc5
Bxb2 21. Rxa7 Qb1+ 22. Kg2 Bf6 23. Qxc6 Kg7 24. h4 Qd1 25. Qe4 Rb1 26. Kf3 Rb6
27. Nf4 Qh1+ 28. Ke3 Rb3+ 29. Nd3 Qf1 30. Qa4 Rc3 31. Ra8 Qc1+ 32. Kf3 Qh1+ 33.
Ke3 Rc6 34. Ra6 Rc8 35. Qe4 Qd1 36. Rc6 Rd8 37. Qc4 Bd4+ 38. Kf3 Qh1+ 39. Kf4
Bf6 40. Qc1 Rd4+ 41. Ke3 Qe4+ 42. Kd2 Ra4 43. f3 Qd5 44. Qc5 Ra2+ 45. Ke1 Ra1+
46. Kd2 Qb3 47. Qc4 Qd1+ 48. Ke3 Qg1+ 49. Kf4 Qd1 50. Qc2 Ra4+ 51. e4 Qa1 52.
Rc4 e5+ 53. Ke3 Qg1+ 54. Ke2 Rxc4 55. Qxc4 Qxg3 56. Qd5 Qxh4 57. Nc5 Qh2+ 58.
Kd3 Qf2 59. Nd7 Qxf3+ 60. Kc4 Qa3 61. Nc5 h5 62. Qb7 Qa2+ 63. Kd3 h4 64. Qc8 h3
65. Nd7 Qa3+ 66. Ke2 h2 67. Nxf6 h1=Q 68. Ne8+ Kh6 0-1

[Event "Karposh Open 2015"]
[Site "Skopje MKD"]
[Date "2015.03.30"]
[Round "5.64"]
[White "Emmanouilidis, Athanasios"]
[Black "Gantar, Jan"]
[Result "0-1"]
[WhiteElo "1946"]
[BlackElo "2162"]
[PlyCount "84"]
[EventDate "2015.03.27"]
[EventType "swiss"]
[EventRounds "9"]
[EventCountry "MKD"]
[Source "lmi"]
[SourceDate "2015.03.27"]

1. d4 Nf6 2. c4 c5 3. d5 e6 4. Nc3 exd5 5. cxd5 d6 6. e4 g6 7. f3 Bg7 8. Nge2
O-O 9. Ng3 a6 10. a4 Nbd7 11. Be2 Re8 12. O-O Rb8 13. Be3 Qa5 14. h3 h5 15. Qd2
Kh7 16. Nh1 Qc7 17. Nf2 b6 18. Rac1 Nf8 19. Bc4 Ra8 20. f4 Qd8 21. Kh1 Ra7 22.
Be2 Ng8 23. a5 f5 24. axb6 Qxb6 25. e5 dxe5 26. Na4 Qf6 27. Bxc5 Rf7 28. fxe5
Qxe5 29. Bc4 Bh6 30. Qd3 Bxc1 31. Rxc1 Qf4 32. Rd1 Nd7 33. Bd4 Rfe7 34. g3 Qc7
35. Kh2 h4 36. d6 Qxd6 37. Bxg8+ Rxg8 38. Bc3 Qxg3+ 39. Qxg3 hxg3+ 40. Kxg3 Bb7
41. Rd6 g5 42. Nd3 Rg6 0-1

[Event "Karposh Open 2015"]
[Site "Skopje MKD"]
[Date "2015.03.30"]
[Round "5.65"]
[White "Unuk, Laura"]
[Black "Uzumcu, Ahmet Utku"]
[Result "0-1"]
[WhiteElo "2158"]
[BlackElo "1983"]
[PlyCount "104"]
[EventDate "2015.03.27"]
[EventType "swiss"]
[EventRounds "9"]
[EventCountry "MKD"]
[Source "lmi"]
[SourceDate "2015.03.27"]

1. d4 Nf6 2. c4 g6 3. Nf3 Bg7 4. g3 d5 5. cxd5 Nxd5 6. Bg2 Nb6 7. Nc3 Nc6 8.
O-O O-O 9. d5 Na5 10. e4 c6 11. Bf4 cxd5 12. Nxd5 Nxd5 13. exd5 Nc4 14. Qb3 Nd6
15. Rfe1 Re8 16. Ne5 Bf5 17. h3 Rc8 18. g4 Bc2 19. Qg3 Qa5 20. h4 Qb5 21. Qa3
f6 22. Nf3 Nc4 23. Qxa7 Ra8 24. Qd4 f5 25. Ne5 Nxe5 26. Bxe5 Ra4 27. Qd2 Bxe5
28. Rxe5 Qxb2 29. Rae1 Rxg4 30. R5e2 Qa3 31. f3 Qc5+ 32. Kf1 Rc4 33. d6 Qb5 34.
f4 Be4 35. Bxe4 Rxe4 36. d7 Rd8 37. Rd1 Rxd7 38. Qxd7 Qxe2+ 39. Kg1 Qg4+ 40.
Kh1 Qxh4+ 41. Kg1 Qg3+ 42. Kh1 Qf3+ 43. Kg1 Re2 44. Qd5+ Qxd5 45. Rxd5 Rxa2 46.
Rd7 Kf7 47. Rxb7 Ra4 48. Kg2 Rxf4 49. Kg3 Ra4 50. Rc7 h5 51. Rc5 Kf6 52. Rc6+
e6 0-1

[Event "Karposh Open 2015"]
[Site "Skopje MKD"]
[Date "2015.03.30"]
[Round "5.66"]
[White "Kacakovski, Dimitar"]
[Black "Kalofonos, Panayotis"]
[Result "1/2-1/2"]
[WhiteElo "2150"]
[BlackElo "1975"]
[PlyCount "66"]
[EventDate "2015.03.27"]
[EventType "swiss"]
[EventRounds "9"]
[EventCountry "MKD"]
[Source "lmi"]
[SourceDate "2015.03.27"]

1. e4 c5 2. Nf3 d6 3. d4 cxd4 4. Nxd4 Nf6 5. Nc3 a6 6. Bg5 Nbd7 7. a4 e6 8. a5
Be7 9. Be2 O-O 10. O-O d5 11. exd5 Nxd5 12. Bxe7 Nxe7 13. Ne4 Qc7 14. c4 Nc5
15. Qc2 e5 16. Nxc5 Qxc5 17. Nb3 Qc7 18. Rfe1 Bf5 19. Qc3 Rfd8 20. Nd2 Nc6 21.
Bf1 Nd4 22. Rac1 Rd7 23. b4 Rad8 24. Nb3 Nxb3 25. Qxb3 Bd3 26. Qc3 f6 27. c5
Rd4 28. Bxd3 Rxd3 29. Qc4+ Qf7 30. c6 Qxc4 31. Rxc4 bxc6 32. Rxc6 R8d6 33. Rxd6
Rxd6 1/2-1/2

[Event "Karposh Open 2015"]
[Site "Skopje MKD"]
[Date "2015.03.30"]
[Round "5.67"]
[White "Vladimirov, Vladimir"]
[Black "Konstantinov, Aleksandar"]
[Result "1-0"]
[WhiteElo "2148"]
[BlackElo "1947"]
[PlyCount "69"]
[EventDate "2015.03.27"]
[EventType "swiss"]
[EventRounds "9"]
[EventCountry "MKD"]
[Source "lmi"]
[SourceDate "2015.03.27"]

1. g3 d5 2. Nf3 Nf6 3. Bg2 c6 4. O-O Bg4 5. d3 Nbd7 6. c4 e6 7. Nc3 Bd6 8. cxd5
exd5 9. e4 dxe4 10. dxe4 Be5 11. Qc2 Bxf3 12. Bxf3 O-O 13. Be3 Re8 14. Na4 Bd6
15. Rad1 Qe7 16. Rfe1 b5 17. Nc3 Bc5 18. h3 Ne5 19. Bg2 Bxe3 20. Rxe3 Qc5 21.
Re2 Rad8 22. Rxd8 Rxd8 23. Nd5 Qd6 24. Nxf6+ Qxf6 25. f4 Nc4 26. e5 Qe7 27. b3
Na5 28. Qc3 Rd1+ 29. Kh2 Qd8 30. f5 Qb6 31. h4 b4 32. Qf3 Qd8 33. e6 fxe6 34.
fxe6 Qe7 35. Re5 1-0

[Event "Karposh Open 2015"]
[Site "Skopje MKD"]
[Date "2015.03.30"]
[Round "5.68"]
[White "Dogan, Nazmi Can"]
[Black "Kuruz, Yusuf"]
[Result "1-0"]
[WhiteElo "2135"]
[BlackElo "1913"]
[PlyCount "77"]
[EventDate "2015.03.27"]
[EventType "swiss"]
[EventRounds "9"]
[EventCountry "MKD"]
[Source "lmi"]
[SourceDate "2015.03.27"]

1. d4 d5 2. Bf4 Nf6 3. e3 e6 4. Nd2 c5 5. c3 Qb6 6. Rb1 Nc6 7. Ngf3 Be7 8. h3
Qa5 9. a3 c4 10. Ne5 O-O 11. e4 Ne8 12. Be2 f6 13. Nef3 Bd6 14. Bxd6 Nxd6 15.
Qc2 b5 16. O-O Qc7 17. Rbe1 Bb7 18. exd5 exd5 19. Nh2 f5 20. f4 Ne4 21. Rf3 Ne7
22. Ndf1 Rae8 23. g3 Rf6 24. Re3 Rh6 25. h4 Re6 26. Nf3 Ng6 27. Bd1 Qb6 28. Qh2
a5 29. Bc2 b4 30. h5 Nf8 31. Ne5 b3 32. Bxe4 dxe4 33. Nxc4 Qa6 34. Ne5 Rh6 35.
Qe2 Qd6 36. Qc4+ Ne6 37. Qa4 Ra8 38. Nd2 Bd5 39. c4 1-0

[Event "Karposh Open 2015"]
[Site "Skopje MKD"]
[Date "2015.03.30"]
[Round "5.69"]
[White "Milanovic, Maja"]
[Black "Drnovsek, Nejc"]
[Result "0-1"]
[WhiteElo "1935"]
[BlackElo "2135"]
[PlyCount "100"]
[EventDate "2015.03.27"]
[EventType "swiss"]
[EventRounds "9"]
[EventCountry "MKD"]
[Source "lmi"]
[SourceDate "2015.03.27"]

1. e4 e5 2. Nf3 Nc6 3. d4 exd4 4. Nxd4 Nf6 5. Nxc6 bxc6 6. e5 Qe7 7. Qe2 Nd5 8.
c4 Nb6 9. Nd2 a5 10. Qe3 Qe6 11. b3 a4 12. Bb2 Bb4 13. Be2 O-O 14. O-O d5 15.
Bc3 Bxc3 16. Qxc3 Ba6 17. f4 f6 18. cxd5 Nxd5 19. Bc4 Bxc4 20. Qxc4 axb3 21.
Nxb3 fxe5 22. Nc5 Qg4 23. Nd3 exf4 24. Ne5 Qe6 25. Nxc6 Rae8 26. Rae1 Ne3 27.
Qxe6+ Rxe6 28. Nd4 Rd6 29. Nb5 Rb6 30. Nxc7 Nxf1 31. Rxf1 Rd6 32. a4 Rc8 33.
Nb5 Rf6 34. Ra1 Ra6 35. Ra3 Rc4 36. Nc3 Kf7 37. Kf2 Kf6 38. a5 Ke5 39. Kf3 Rc5
40. Ne2 g5 41. h4 h6 42. hxg5 hxg5 43. Ra4 Kf6 44. Kg4 Rcxa5 45. Re4 Re6 46.
Rxe6+ Kxe6 47. Nd4+ Kf6 48. Nf3 Ra2 49. Kh3 Kf5 50. Nd4+ Ke4 0-1

[Event "Karposh Open 2015"]
[Site "Skopje MKD"]
[Date "2015.03.30"]
[Round "5.70"]
[White "Can, Isik"]
[Black "Karaokcu, Erkin"]
[Result "1/2-1/2"]
[WhiteElo "1923"]
[BlackElo "2130"]
[PlyCount "60"]
[EventDate "2015.03.27"]
[EventType "swiss"]
[EventRounds "9"]
[EventCountry "MKD"]
[Source "lmi"]
[SourceDate "2015.03.27"]

1. e4 c5 2. Nf3 g6 3. d4 cxd4 4. Nxd4 Bg7 5. Be3 Nc6 6. Nc3 Nf6 7. Bc4 O-O 8.
Bb3 d6 9. f3 Na5 10. Qd2 Nxb3 11. axb3 d5 12. e5 Ne8 13. f4 f6 14. Nf3 fxe5 15.
fxe5 Nc7 16. O-O Bg4 17. Bh6 Bxf3 18. Bxg7 Kxg7 19. Rxf3 Rxf3 20. gxf3 e6 21.
Ne2 Qe7 22. Nd4 Qc5 23. Qf2 Kg8 24. c3 Rf8 25. b4 Qb6 26. Nb3 Qxf2+ 27. Kxf2 a6
28. Nc5 Rb8 29. Ke3 Kf7 30. b3 Ke7 1/2-1/2

[Event "Karposh Open 2015"]
[Site "Skopje MKD"]
[Date "2015.03.30"]
[Round "5.71"]
[White "Mihov, Filip"]
[Black "Vrban, Rok"]
[Result "1/2-1/2"]
[WhiteElo "1705"]
[BlackElo "2124"]
[PlyCount "121"]
[EventDate "2015.03.27"]
[EventType "swiss"]
[EventRounds "9"]
[EventCountry "MKD"]
[Source "lmi"]
[SourceDate "2015.03.27"]

1. Nf3 d6 2. c4 g6 3. g3 Bg7 4. Bg2 Nf6 5. Nc3 O-O 6. O-O e5 7. d3 Re8 8. Ne1
a5 9. Rb1 Na6 10. a3 h5 11. Bg5 Qd7 12. b4 axb4 13. axb4 Nh7 14. Qd2 Nxg5 15.
Qxg5 c6 16. Nc2 Nc7 17. b5 Ne6 18. Qd2 Qc7 19. Ra1 Bd7 20. bxc6 Rxa1 21. Rxa1
bxc6 22. Qc1 Nd4 23. Ra2 Rb8 24. Rb2 Rxb2 25. Qxb2 Nxc2 26. Qxc2 Qa5 27. e3 f5
28. Qb3 Qa1+ 29. Bf1 Kh7 30. Qb7 Be6 31. Qe7 Bg8 32. Qxd6 Qxc3 33. Qxc6 f4 34.
gxf4 exf4 35. exf4 Qd4 36. Qe4 Bf7 37. Be2 Bf6 38. Kg2 Kg7 39. Kg3 Qa1 40. Kg2
Qa7 41. f5 g5 42. f4 g4 43. h3 gxh3+ 44. Kxh3 Kf8 45. Qc6 Qe3+ 46. Qf3 Qc5 47.
Qe4 h4 48. Qa8+ Be8 49. Qd5 Qe3+ 50. Qf3 Qg1 51. Qg2 Qe1 52. Kh2 Bd4 53. Bf3
Be3 54. Qg4 Qf2+ 55. Kh3 Bd7 56. Be4 Bxf4 57. Qxh4 Qf1+ 58. Kg4 Be5 59. Qh6+
Ke7 60. Qe3 Qa1 61. Bd5 1/2-1/2

[Event "Karposh Open 2015"]
[Site "Skopje MKD"]
[Date "2015.03.30"]
[Round "5.72"]
[White "Exizoglou, Dimitrios"]
[Black "Georgieva, Emilia"]
[Result "1-0"]
[WhiteElo "2122"]
[BlackElo "1882"]
[PlyCount "65"]
[EventDate "2015.03.27"]
[EventType "swiss"]
[EventRounds "9"]
[EventCountry "MKD"]
[Source "lmi"]
[SourceDate "2015.03.27"]

1. e4 c6 2. d4 d5 3. e5 Bf5 4. Nf3 h6 5. Be2 e6 6. O-O Nd7 7. Nbd2 g5 8. Ne1 c5
9. c3 Qb6 10. a4 a5 11. Nb1 cxd4 12. cxd4 Ne7 13. Nc3 Nc6 14. Nb5 Nb4 15. Be3
Rc8 16. Rc1 Rxc1 17. Qxc1 Qc6 18. Qd2 Be7 19. Nd3 Qc2 20. Nxb4 axb4 21. Rc1
Qxa4 22. Rc8+ Bd8 23. Nd6+ Ke7 24. Bxg5+ f6 25. Bh4 Qa1+ 26. Bf1 Bh3 27. Qxb4
Bxg2 28. Kxg2 Rg8+ 29. Bg3 fxe5 30. dxe5 Nxe5 31. Nc4+ Kf6 32. Nxe5 Rxg3+ 33.
hxg3 1-0

[Event "Karposh Open 2015"]
[Site "Skopje MKD"]
[Date "2015.03.30"]
[Round "5.73"]
[White "Arsovic, Jelena"]
[Black "Gulden, Egemen"]
[Result "0-1"]
[WhiteElo "2119"]
[BlackElo "1803"]
[PlyCount "78"]
[EventDate "2015.03.27"]
[EventType "swiss"]
[EventRounds "9"]
[EventCountry "MKD"]
[Source "lmi"]
[SourceDate "2015.03.27"]

1. e4 g6 2. d4 Bg7 3. Nc3 d6 4. h3 Nc6 5. Nf3 e5 6. Be3 h6 7. Bc4 Nge7 8. dxe5
Nxe5 9. Nxe5 Bxe5 10. Qd2 Bg7 11. O-O-O Be6 12. Bxe6 fxe6 13. h4 Qd7 14. h5 g5
15. f4 gxf4 16. Bxf4 b5 17. e5 d5 18. Ne4 Ng8 19. Qd3 Bf8 20. Be3 Qc6 21. Nc3
b4 22. Qg6+ Kd7 23. Qf7+ Ne7 24. Ne4 Kc8 25. Bc5 dxe4 26. Bxe7 Bxe7 27. Qxe7 a5
28. Qf7 Re8 29. Qh7 a4 30. Kb1 Ra5 31. Qxh6 a3 32. b3 Qc3 33. Qc1 Rxe5 34. Rhe1
Rd5 35. h6 Rh8 36. Rxd5 exd5 37. Re3 Qe5 38. c3 Rxh6 39. cxb4 Rh1 0-1

[Event "Karposh Open 2015"]
[Site "Skopje MKD"]
[Date "2015.03.30"]
[Round "5.74"]
[White "Soysal, Serkan"]
[Black "Gjorgjevski, Janco"]
[Result "1-0"]
[WhiteElo "2302"]
[BlackElo "1921"]
[PlyCount "37"]
[EventDate "2015.03.27"]
[EventType "swiss"]
[EventRounds "9"]
[EventCountry "MKD"]
[Source "lmi"]
[SourceDate "2015.03.27"]

1. d4 d5 2. c4 e6 3. Nf3 Be7 4. g3 Nf6 5. Bg2 O-O 6. O-O dxc4 7. Qc2 a6 8. Qxc4
b5 9. Qc2 Bb7 10. Bd2 Nbd7 11. Ba5 Bd6 12. Nbd2 Rc8 13. e4 e5 14. dxe5 Nxe5 15.
Nxe5 Bxe5 16. Nb3 Qe8 17. f4 Bd6 18. e5 Bxg2 19. Kxg2 1-0

[Event "Karposh Open 2015"]
[Site "Skopje MKD"]
[Date "2015.03.30"]
[Round "5.75"]
[White "Eldemir, Goksu"]
[Black "Veleski, Robert"]
[Result "0-1"]
[WhiteElo "1919"]
[BlackElo "2279"]
[PlyCount "70"]
[EventDate "2015.03.27"]
[EventType "swiss"]
[EventRounds "9"]
[EventCountry "MKD"]
[Source "lmi"]
[SourceDate "2015.03.27"]

1. e4 e5 2. Nf3 Nc6 3. Bb5 a6 4. Ba4 Nf6 5. O-O Be7 6. Re1 b5 7. Bb3 d6 8. c3
O-O 9. h3 Bb7 10. Bc2 d5 11. d3 dxe4 12. dxe4 Qxd1 13. Rxd1 Rfd8 14. Nbd2 Nd7
15. Nf1 Nc5 16. Be3 Na4 17. Bxa4 bxa4 18. Ng3 f6 19. Kf1 Na5 20. Nd2 Bc6 21.
Ke1 Bb5 22. b4 Nc4 23. Nxc4 Bxc4 24. a3 g6 25. Nf1 f5 26. f3 fxe4 27. fxe4 Rf8
28. Nh2 Bh4+ 29. Kd2 Bb3 30. Rf1 Rfd8+ 31. Kc1 Rd3 32. Bd2 Rad8 33. Nf3 Bg3 34.
Rb1 Bf4 35. Rb2 Rxc3+ 0-1